| 000 | 00463cam a22002054a 4500 | ||
|---|---|---|---|
| 005 | 20250605164313.0 | ||
| 008 | 250528s ||||||||||||||||||||||||d | ||
| 035 | _a22589 | ||
| 020 | _a9780091856701 | ||
| 040 |
_aGR-AtMCL _bgre _dGR-AtMCL _eAACR2 |
||
| 245 | 1 | _aBETTER RELATIONSHIPS | |
| 250 | _a1 | ||
| 260 | _c1991 | ||
| 300 | _a256 | ||
| 700 | 1 |
_aLitvinoff Sarah _9563 |
|
| 700 | 1 |
_aVermilion _9564 |
|
| 942 | _cBK | ||
| 999 |
_c7637 _d7637 |
||